|
|
|
|
| LEADER |
00000nab a2200000 ar4500 |
| 001 |
vtls011876633 |
| 003 |
SK-MaSNL |
| 005 |
20260303232731.0 |
| 008 |
190712c20181110xo mr|p|||||||000 b|slo |
| 038 |
|
|
|a SNSK
|
| 040 |
|
|
|a SNSK
|b slo
|e rda
|c SK
|
| 041 |
|
|
|a slo
|
| 043 |
|
|
|a e-xo- - -
|
| 044 |
|
|
|a xo
|c SK
|
| 080 |
|
|
|a 614.21
|2 2011
|
| 080 |
|
|
|a 069.444
|2 2011
|
| 100 |
1 |
|
|a Novotný, Peter
|4 aut
|9 336055
|
| 245 |
1 |
0 |
|a Zrenovujú historickú nemocnicu za 4 mil. €?
|c Peter Novotný; foto: autor, msú bj
|
| 300 |
|
|
|b Fotografie
|
| 650 |
0 |
7 |
|a historické pamiatky
|2 snsk
|9 75346
|
| 650 |
0 |
7 |
|a nemocnice
|2 snsk
|9 3008
|
| 650 |
0 |
7 |
|a Opravy a rekonštrukcie
|2 snsk
|9 1044953
|
| 651 |
|
7 |
|a Bardejov (Slovensko)
|2 snsk
|9 20040
|
| 773 |
0 |
|
|t Nový Čas
|g Roč. 28, č. 258 (10.11.2018), s. 11
|x 1335-4655
|
| 852 |
|
|
|a SNSK
|b KIS3GCP
|
| 856 |
4 |
1 |
|u https://www.cas.sk/clanok/764150/velke-plany-v-bardejove-zrenovuju-historicku-nemocnicu-za-4-mil/
|
| 999 |
|
|
|c 2273513
|d 2275443
|